000 01178 a2200241 4500
999 _c1118
_d1118
020 _a9780199276851
050 0 0 _aGN282.REA 2011
100 1 _aReader, John.
245 1 0 _aMissing links :
_bin search of human origins /
_cJohn Reader ; [foreword by Andrew Hill].
264 _aOxford:
_boxford university press.,
_c2011.
300 _axvii, 538 p. :
_bill. (chiefly col.), col. map ;
500 _aPrevious eds. published as: Missing links : the hunt for earliest man.
504 _aIncludes bibliographical references (p. [437]-523) and index.
650 0 _aFossil hominids.
650 0 _aPaleoanthropology
_xHistory.
650 0 _aAnthropology, Prehistoric.
856 4 2 _3Contributor biographical information
_uhttp://www.loc.gov/catdir/enhancements/fy1206/2011934689-b.html
856 4 2 _3Publisher description
_uhttp://www.loc.gov/catdir/enhancements/fy1206/2011934689-d.html
856 4 1 _3Table of contents only
_uhttp://www.loc.gov/catdir/enhancements/fy1206/2011934689-t.html
942 _2lcc
_cBK
_h282
_iREA
_kGN